000 00383nam a2200145Ia 4500
008 230718s9999 xx 000 0 und d
041 _aeng
082 _a641.302
_bBAN
100 _aBansal S.P.
_9145443
245 _aHealing Power Of Foods
260 _c2003
_bPustak Mahal
365 _cRs.
_b60.00
700 _aBansal S.P.
_9145443
906 _dB:6511/3.11.0413-Oct-2005
_cOTH
_b12
999 _c309353
_d309353